• 首页
  • 本馆介绍
  • 公告通知
  • 最新文献
  • 馆藏检索
  • 电子资源
  • 读者导购
  • 参考咨询
  • 我的图书馆
  • 登录
  • 详细信息显示
  • 放入我的书架
  • 预约/预借图书
  • 作者相关作品
  • 分类相关作品
  • 丛书相关作品
  • 出版社相关作品

书目信息

  • 表格格式
  • 工作单格式
  • 卡片格式
题名:
听障儿童听觉语言康复研究与实践
    
 
作者: 刘本部 著
分册:  
出版信息: 天津   天津教育出版社  2013.12
页数: 290页
开本: 24cm
丛书名: 悠缘特教各地特教系列
单 册:
中图分类: R764.430.9
科图分类:
主题词: 听力障碍--儿童--康复训练--研究 , 听力障碍 , 儿童 , 康复训练
电子资源:
ISBN: 978-7-5309-7397-4
000 01138oam2 2200313 450
001 0108153915
005 20210308154403.0
010    @a978-7-5309-7397-4@dCNY39.80
100    @a20140727d2013 em y0chiy50 ea
101 0  @achi
102    @aCN@b120000
105    @ay z 000yy
106    @ar
200 1  @a听障儿童听觉语言康复研究与实践@Ating zhang er tong ting jue yu yan kang fu yan jiu yu shi jian@f刘本部[等]著
210    @a天津@c天津教育出版社@d2013.12
215    @a290页@d24cm
225 2  @a悠缘特教各地特教系列@i走进山东特教丛书@f李淑英总主编
304    @a著者还有:郑芳、刘美芸、韩钢、李雪梅、杨扬、张倩
330    @a本书共分为五章,具体内容包括:听觉语言康复训练概论、听觉语言康复训练研究概论、家庭听觉语言康复训练指导、听觉语言康复训练程式、听觉语言康复训练教学课例等。
461  0 @12001 @a悠缘特教各地特教系列
462  0 @12001 @a走进山东特教丛书
606 0  @a听力障碍@x儿童@x康复训练@x研究
606 0  @a听力障碍
606 0  @a儿童
606 0  @a康复训练
690    @aR764.430.9@v5
701  0 @a刘本部@Aliu ben bu@4著@c(特殊教育)
801  0 @aCN@bBJSZM@c20210308
905    @b1272931-4@dR764.430.9@e10@f4
    
    听障儿童听觉语言康复研究与实践/刘本部[等]著.-天津:天津教育出版社,2013.12
    290页;24cm.-(悠缘特教各地特教系列.走进山东特教丛书/李淑英总主编)
    
    
    ISBN 978-7-5309-7397-4:CNY39.80
    本书共分为五章,具体内容包括:听觉语言康复训练概论、听觉语言康复训练研究概论、家庭听觉语言康复训练指导、听觉语言康复训练程式、听觉语言康复训练教学课例等。
●
相关链接 在E读中查询图书 在五车中查询图书 在当当中查询图书 在豆瓣中查询图书


正题名:听障儿童听觉语言康复研究与实践     索取号:R764.430.9/10         预约/预借

序号 登录号 条形码 馆藏地/架位号 状态 备注
1 1272931   212729314   第二样本阅览室/ [索取号:R764.430.9/10] 在馆    
2 1272932   212729323   教育系资料室/ [索取号:R764.430.9/10] 已借出,限还日期为2026.09.30
借出人:孙立双  
 
3 1272933   212729332   教育系资料室/ [索取号:R764.430.9/10] 在馆    
4 1272934   212729341   第三借阅区/ [索取号:R764.430.9/10] 在馆    
唐山师范学院图书馆 欢迎您!
大连网信软件有限公司© 版权所有